| 000 | 01652cam a22004457a 4500 | ||
|---|---|---|---|
| 003 | CHAP | ||
| 005 | 20220329142824.0 | ||
| 008 | 040520ss004 mx r 00010 spa d | ||
| 010 | _a88295 | ||
| 011 | _a89267 | ||
| 035 | _a99818 | ||
| 040 | _cCHAP | ||
| 090 | _aTesis | ||
| 100 | 0 | 0 |
_aBautista Reyes, Francisco. _910952 |
| 245 | 1 | 0 |
_aSelección y multiplicación in vitro de calabazas (Cucurbita spp.) resistentes a herbicidas usados en maíz _c/por Francisco Bautista Reyes |
| 260 |
_aChapingo, Méx. : _bEl autor, _c2004. |
||
| 300 |
_a63 h. ; _bgráfs. |
||
| 502 | _aTesis (M.C. en Horticultura) -- UACH. Departamento de Fitotecnia | ||
| 530 | _aTambién disponible en línea | ||
| 590 |
_aALEPH _b10 _c20130110 _lUCH01 _h1457 |
||
| 590 |
_aBATCH-UPD _b10 _c20130110 _lUCH01 _h0518 |
||
| 590 |
_aBATCH-UPD _b10 _c20130410 _lUCH01 _h0157 |
||
| 590 |
_aBATCH-UPD _b10 _c20130914 _lUCH01 _h0548 |
||
| 590 |
_aBATCH-UPD _b10 _c20140324 _lUCH01 _h1443 |
||
| 590 |
_aBATCH-UPD _b10 _c20141002 _lUCH01 _h0821 |
||
| 590 |
_aBATCH _b00 _c20181121 _lUCH01 _h0758 |
||
| 590 |
_aCONVERSION _b10 _c20130109 _lUCH01 _h1349 |
||
| 650 | 1 | 4 |
_aCalabaza _xSelección masal. _917295 |
| 650 | 1 | 4 |
_aCultivo de tejidos. _930213 |
| 650 | 1 | 4 |
_aCultivos asociados. _930370 |
| 650 | 1 | 4 |
_aHerbicidas _xEfecto en plantas. _953696 |
| 650 | 1 | 4 |
_aMalas hierbas _xControl. _970011 |
| 856 |
_3Finding aid _uhttp://10.13.5.2/tesis/99818.pdf _zTeclea aqui |
||
| 856 |
_a1 _n0000854 |
||
| 901 | _aBK | ||
| 905 | _aAlejandra Carrasco M. | ||
| 942 | _cFOLL | ||
| 949 |
_aTesis _bBC _cTES _d33724000922167 _eTS2 _fc.2 _h41801 _i99818 _si |
||
| 949 |
_aTesis _bBC _cTES _d998181 _eTS1 _h41800 _i99818 _sb |
||
| 999 |
_c88295 _d88295 |
||